Chuyển đến nội dung

Гражданско-правовые договоры в финансовой сфере

Призвано сформировать целостное представление о правовом регулировании конкретной сферы отношений, опосредованных финансовыми договорами. Раскрыты экономические основы отношений, комплексность правового регулирования с акцентом на гражданскоправовое регулирование. Предназначено для студентов 4 и 5 к...

Mô tả đầy đủ

Đã lưu trong:
Chi tiết về thư mục
Tác giả chính: Калинина И. А.
Tác giả khác: Субочева В. А.
Định dạng: Книга
Ngôn ngữ:Russian
Được phát hành: Тамбов ТГТУ 2020
Truy cập trực tuyến:https://e.lanbook.com/book/320336
https://e.lanbook.com/img/cover/book/320336.jpg
Các nhãn: Thêm thẻ
Không có thẻ, Là người đầu tiên thẻ bản ghi này!
LEADER 02140nam0a2200301 i 4500
001 320336
003 RuSpLAN
005 20240216150941.0
008 240216s2020 ru gs 000 0 rus
020 |a 978-5-8265-2253-0 
040 |a RuSpLAN 
041 0 |a rus 
044 |a ru 
080 |a 347.4 
084 |a 67.404  |2 rubbk 
245 0 0 |a Гражданско-правовые договоры в финансовой сфере  |c Калинина И. А.,Субочева В. А. 
260 |a Тамбов  |b ТГТУ  |c 2020 
300 |a 80 с. 
500 |a Рекомендовано Учёным советом университета в качестве учебного пособия для студентов 4 и 5 курсов направления подготовки 40.03.01. «Юриспруденция» (бакалавриат) очной и заочной форм обучения 
504 |a Библиогр.: доступна в карточке книги, на сайте ЭБС Лань 
520 8 |a Призвано сформировать целостное представление о правовом регулировании конкретной сферы отношений, опосредованных финансовыми договорами. Раскрыты экономические основы отношений, комплексность правового регулирования с акцентом на гражданскоправовое регулирование. Предназначено для студентов 4 и 5 курсов направления подготовки 40.03.01. «Юриспруденция» (бакалавриат) очной и заочной форм обучения. 
521 8 |a Книга из коллекции ТГТУ - Право. Юридические науки 
521 8 |a СЭБ 
100 1 |a Калинина И. А. 
700 1 |a Субочева В. А. 
856 4 |u https://e.lanbook.com/book/320336 
856 4 8 |u https://e.lanbook.com/img/cover/book/320336.jpg 
953 |a https://e.lanbook.com/img/cover/book/320336.jpg